| 000 | 00518nam a2200205Ia 4500 | ||
|---|---|---|---|
| 005 | 20140405074638.0 | ||
| 008 | 140130s9999 xx 000 0 und d | ||
| 020 | _a9780439531580 | ||
| 050 |
_aPZ 7 _b.R26347Ft 2005 |
||
| 100 |
_aReiche, Dietlof _923885 |
||
| 245 |
_cDietlof Reiche. _aFreddy to the rescue / |
||
| 260 |
_bScholastic, _c2005. _aUSA : |
||
| 300 |
_a233 p. : _bill. ; _c21 cm. |
||
| 440 |
_v1 _931174 |
||
| 521 | _aG5 | ||
| 526 | _c790 | ||
| 942 |
_cBK _2lcc |
||
| 999 |
_c41134 _d41134 |
||